00577nam a22001697a 450000500170000001000130001702000260003003500120005603700130006808200080008110000460008924500750013524600580021026000530026827000590032130000270038020230822162301.0 aUR-12158 a9788196013523c250.00 aU-10713 bDBAD/PUB a841 aحولدار سلیم الدین عامر aذکر شیخ و شابّ /cحولدار سلیم الدین عامر aZikr-E-Shaikh-O-Shabb /bby Hawaldar Salimuddin Aamir aNew DelhibEducational Publishing Housec2022 ء aH.O. D1/16, Ansari Road, Darya GanjbNew Delhie110002 a150 صc23cm(pbk)